[Event "Kremennaya Barbashova Memorial"]
[Site "Kremennaya"]
[Date "2017.06.28"]
[Round "11"]
[White "Frolov, Artur"]
[Black "Diakov, Oleg"]
[Result "1-0"]
[WhiteElo "2399"]
[BlackElo "2109"]
[PlyCount "65"]
[EventDate "2017.06.23"]
[EventType "tourn"]
[EventRounds "11"]
[EventCountry "UKR"]
[EventCategory "1"]
[SourceTitle "EXT 2018"]
[Source "ChessBase"]
[SourceDate "2017.10.13"]
[SourceVersion "1"]
[SourceVersionDate "2017.10.13"]
[SourceQuality "1"]

1. e4 c5 2. Nf3 Nc6 3. Bb5 e6 4. 0-0 Nge7 5. c3 a6 6. Ba4 b5 7. Bc2 Bb7 8. Qe2 d5 9. e5 d4 10. Be4 Nd5 11. d3 dxc3 12. Nxc3 Be7 13. Rd1 0-0 14. d4 cxd4 15. Nxd5 exd5 16. Bc2 g6 17. Nxd4 Nxd4 18. Rxd4 Re8 19. Bf4 Bc5 20. Rd2 Qd7 21. Bb3 d4 22. e6 fxe6 23. Be5 a5 24. Qg4 a4 25. Bc2 Qf7 26. h4 Kf8 27. Bd3 Rec8 28. Rc1 Bb6 29. Rcd1 a3 30. b4 Rd8 31. h5 g5 32. Qxg5 Rd5 33. Be4 1-0

[Event "Kremennaya Gerasimov Memorial"]
[Site "Kremennaya"]
[Date "2017.04.21"]
[Round "9"]
[White "Diakov, Oleg"]
[Black "Gutsko, Nikolai"]
[Result "1/2-1/2"]
[WhiteElo "2103"]
[BlackElo "2165"]
[PlyCount "41"]
[EventDate "2017.04.13"]
[EventType "tourn"]
[EventRounds "9"]
[EventCountry "UKR"]
[EventCategory "2"]
[SourceTitle "CBM 177 Extra"]
[Source "ChessBase"]
[SourceDate "2017.04.27"]
[SourceVersion "1"]
[SourceVersionDate "2017.04.27"]
[SourceQuality "1"]

1. e4 c5 2. Nf3 d6 3. d4 cxd4 4. Nxd4 Nf6 5. Nc3 a6 6. Bg5 e6 7. f4 Qb6 8. Qd2 Qxb2 9. Rb1 Qa3 10. f5 Nc6 11. fxe6 fxe6 12. Nxc6 bxc6 13. Be2 Be7 14. 0-0 0-0 15. Rb3 Qc5+ 16. Be3 Qe5 17. Bf4 Qc5+ 18. Be3 Qe5 19. Bd4 Qa5 20. Bb6 Qe5 21. Qd4 1/2-1/2

[Event "Kremennaya Gerasimov Memorial"]
[Site "Kremennaya"]
[Date "2017.04.19"]
[Round "7"]
[White "Diakov, Oleg"]
[Black "Bakhmatsky, Vladislav"]
[Result "0-1"]
[WhiteElo "2103"]
[BlackElo "2446"]
[PlyCount "122"]
[EventDate "2017.04.13"]
[EventType "tourn"]
[EventRounds "9"]
[EventCountry "UKR"]
[EventCategory "2"]
[SourceTitle "CBM 177 Extra"]
[Source "ChessBase"]
[SourceDate "2017.04.27"]
[SourceVersion "1"]
[SourceVersionDate "2017.04.27"]
[SourceQuality "1"]

1. e4 e6 2. d4 d5 3. Nd2 Nf6 4. e5 Nfd7 5. Bd3 c5 6. c3 Nc6 7. Ne2 cxd4 8. cxd4 Qb6 9. Nf3 f6 10. exf6 Nxf6 11. 0-0 Bd6 12. Nc3 0-0 13. Be3 Bd7 14. Re1 Kh8 15. a3 Be8 16. Ng5 Bh5 17. Qb1 Nxd4 18. Nb5 e5 19. Ne6 Ng4 20. Nbxd4 Rf6 21. Bg5 Rxe6 22. Nxe6 e4 23. Be2 Qxf2+ 24. Kh1 Qf5 25. Bxg4 Bxg4 26. Qc1 Qxe6 27. Bf4 h6 28. Qe3 Be5 29. Bxe5 Qxe5 30. h3 Bh5 31. g4 Bg6 32. Rad1 Rf8 33. Qc3 Qg5 34. Qd2 Qh4 35. Re3 Rf3 36. Rxf3 exf3 37. Kh2 Be4 38. Qd4 Qg5 39. Kg1 a5 40. Qf2 b5 41. Kh2 Kh7 42. Rd4 Kg6 43. Rd1 Qe5+ 44. Kg1 h5 45. gxh5+ Kxh5 46. Qh2 Qf6 47. Qf2 b4 48. axb4 axb4 49. Rd2 Qh4 50. Kh2 Qxf2+ 51. Rxf2 Kh4 52. Rf1 g5 53. Rd1 g4 54. hxg4 Kxg4 55. Kg1 Kg3 56. Rd2 Bb1 57. Kf1 Ba2 58. Ke1 Bc4 59. Rc2 b3 60. Rd2 Bb5 61. Rf2 Be2 0-1

[Event "Kremennaya Gerasimov Memorial"]
[Site "Kremennaya"]
[Date "2017.04.17"]
[Round "5"]
[White "Kotliar, Alexey"]
[Black "Diakov, Oleg"]
[Result "1-0"]
[WhiteElo "2215"]
[BlackElo "2103"]
[PlyCount "77"]
[EventDate "2017.04.13"]
[EventType "tourn"]
[EventRounds "9"]
[EventCountry "UKR"]
[EventCategory "2"]
[SourceTitle "CBM 177 Extra"]
[Source "ChessBase"]
[SourceDate "2017.04.27"]
[SourceVersion "1"]
[SourceVersionDate "2017.04.27"]
[SourceQuality "1"]

1. e4 e6 2. d4 d5 3. Nc3 Nf6 4. Bg5 Be7 5. e5 Nfd7 6. h4 a6 7. Qg4 Bxg5 8. hxg5 c5 9. g6 f5 10. Qf4 h6 11. Nf3 0-0 12. 0-0-0 Nc6 13. dxc5 Nxc5 14. Bc4 Qe8 15. Rxd5 Ne4 16. Nd4 Nxd4 17. Rxd4 Nxc3 18. bxc3 Qxg6 19. Rh3 b5 20. Be2 Qg5 21. Qxg5 hxg5 22. c4 bxc4 23. Bxc4 Ra7 24. Rd6 Kf7 25. Kd2 a5 26. Bb5 g4 27. Rc3 Re7 28. g3 Rh8 29. Rc5 g5 30. Bc4 f4 31. Kc3 fxg3 32. fxg3 Ra7 33. Rdc6 Bd7 34. Rc7 Rha8 35. Bb5 Rxc7 36. Rxc7 Rc8 37. Rxc8 Bxc8 38. Kd4 Bb7 39. Kc5 1-0

[Event "Kremennaya Gerasimov Memorial"]
[Site "Kremennaya"]
[Date "2017.04.14"]
[Round "2"]
[White "Diakov, Oleg"]
[Black "Sitnikov, Anton"]
[Result "0-1"]
[WhiteElo "2103"]
[BlackElo "2438"]
[PlyCount "108"]
[EventDate "2017.04.13"]
[EventType "tourn"]
[EventRounds "9"]
[EventCountry "UKR"]
[EventCategory "2"]
[SourceTitle "CBM 177 Extra"]
[Source "ChessBase"]
[SourceDate "2017.04.27"]
[SourceVersion "1"]
[SourceVersionDate "2017.04.27"]
[SourceQuality "1"]

1. c4 e5 2. Nc3 Nf6 3. Nf3 Nc6 4. g3 d5 5. cxd5 Nxd5 6. Bg2 Nb6 7. 0-0 Be7 8. a3 0-0 9. b4 Be6 10. d3 a5 11. b5 Nd4 12. Rb1 f6 13. e3 Nxf3+ 14. Bxf3 Rb8 15. Qc2 f5 16. Bb2 Bd6 17. Rfe1 Qe7 18. Na4 Nd7 19. Nc3 Qf7 20. Bg2 Kh8 21. Rbc1 b6 22. Ne2 Bb3 23. Qd2 Rbd8 24. f4 Bd5 25. Bxd5 Qxd5 26. d4 Nf6 27. Nc3 Qe6 28. dxe5 Bxe5 29. Qc2 Bd6 30. Na4 h5 31. Rcd1 h4 32. gxh4 Rd7 33. Nc3 Rfd8 34. h3 Bc5 35. Kh1 Qc4 36. Rxd7 Rxd7 37. Qxf5 Bxa3 38. Ne4 Qxe4+ 39. Qxe4 Nxe4 40. Bxa3 Rd2 41. Rg1 Kg8 42. h5 Kf7 43. Rg6 Ra2 44. Be7 Kxe7 45. Rxg7+ Kf8 46. h6 Rd2 47. Rxc7 Kg8 48. Kg1 a4 49. Rg7+ Kh8 50. Ra7 Nc5 51. h4 Rd7 52. Ra8+ Kh7 53. Kg2 Rd2+ 54. Kf3 Rb2 0-1